Three minutes to air your grievances (Record no. 69152)
[ view plain ]
| 000 -LEADER | |
|---|---|
| fixed length control field | 01138cam a2200241 4500 |
| 001 - CONTROL NUMBER | |
| control field | ABS64943 |
| 008 - FIXED-LENGTH DATA ELEMENTS--GENERAL INFORMATION | |
| fixed length control field | 011220n2001 000 0 eng u |
| 035 ## - SYSTEM CONTROL NUMBER | |
| System control number | (Sirsi) u116087 |
| 100 ## - MAIN ENTRY--PERSONAL NAME | |
| Personal name | Manns, S |
| 245 ## - TITLE STATEMENT | |
| Title | Three minutes to air your grievances |
| 260 ## - PUBLICATION, DISTRIBUTION, ETC. | |
| Date of publication, distribution, etc. | 2001 |
| 490 ## - SERIES STATEMENT | |
| Series statement | Estates Gazette |
| Volume/sequential designation | (0147) 24 November 2001, 138-139(2) |
| 520 ## - SUMMARY, ETC. | |
| Summary, etc. | Analysis of planning applications and the increasing trend amongst planning authorities to allow objectors and supporters to have a say at the planning committee stage. Considers how procedures vary considerably between authorities and the right to speak at a committee could be lost if a particular requirement is not met. With details of a survey completed in September 2001 which examined local authorities and where relevant objections can be made to the planning committee. |
| 590 ## - LOCAL NOTE (RLIN) | |
| Local note | ABS |
| 650 ## - SUBJECT ADDED ENTRY--TOPICAL TERM | |
| Topical term or geographic name entry element | PLANNING APPLICATIONS |
| 650 ## - SUBJECT ADDED ENTRY--TOPICAL TERM | |
| Topical term or geographic name entry element | NOLAN COMMITTEE |
| 650 ## - SUBJECT ADDED ENTRY--TOPICAL TERM | |
| Topical term or geographic name entry element | PLANNING COMMITTEES |
| 650 ## - SUBJECT ADDED ENTRY--TOPICAL TERM | |
| Topical term or geographic name entry element | PUBLIC CONSULTATIONS |
| 650 ## - SUBJECT ADDED ENTRY--TOPICAL TERM | |
| Topical term or geographic name entry element | PUBLIC SPEAKING |
| 690 ## - LOCAL SUBJECT ADDED ENTRY--TOPICAL TERM (OCLC, RLIN) | |
| Topical term or geographic name as entry element | ENVIRONMENTAL AND LAND CONSULTANCY-PLANNING AND DEVELOPMENT |
| 700 ## - ADDED ENTRY--PERSONAL NAME | |
| Personal name | Wood, C. |
| 942 ## - ADDED ENTRY ELEMENTS (KOHA) | |
| Suppress in OPAC | 0 |
| Withdrawn status | Lost status | Source of classification or shelving scheme | Damaged status | Not for loan | Home library | Current library | Shelving location | Date acquired | Total Checkouts | Full call number | Barcode | Date last seen | Copy number | Price effective from | Koha item type |
|---|---|---|---|---|---|---|---|---|---|---|---|---|---|---|---|
| Dewey Decimal Classification | London | London | News article | 20/12/2001 | ABS64943 | 116087-1001 | 06/08/2019 | 1 | 06/08/2019 | Journal article |